| 000 | 00457nam a22001457a 4500 | ||
|---|---|---|---|
| 003 | SGT | ||
| 082 |
_a617.84 _bC25G |
||
| 100 | _aGIRISHIKA | ||
| 245 | _aCOMPARATIVE EFFECT OF MULTIDIRECTIONAL PLYOMETRIC TRAINING VS NEUROMUSCULAR TRAINING ON SPORTS SPECIFIC PERFORMANCE, AEROBIC CAPACITY, BALANCE AND STRENGTH IN BASKETBALL PLAYERS | ||
| 260 |
_aGURUGRAM _bSGT UNIVERSITY _c2025 |
||
| 300 | _a143 | ||
| 650 | _aSPORTS | ||
| 653 | _aMPT | ||
| 942 |
_2ddc _cTH |
||
| 999 |
_c32655 _d32655 |
||